MARC details
| 000 -LÍDER |
| campo de controle de tamanho fixo |
01575 a2200301 4500 |
| 001 - NÚMERO DE CONTROLE |
| campo de controle |
117171 |
| 020 ## - ISBN - INTERNATIONAL STANDARD BOOK NUMBER |
| ISBN - International Standard Book Number |
9781557043313 |
| 041 ## - CÓDIGO DE IDIOMA |
| Código do idioma do texto/trilha sonora ou título diferente |
eng |
| 082 ## - CDD - CLASSIFICAÇÃO DECIMAL DE DEWEY |
| Número de Classificação |
372 |
| 040 ## - FONTE DA CATALOGAÇÃO |
| Instituição da catalogação original |
BR-BrIDEA |
| Instituição que transcreveu o registro |
BR-BrIDEA |
| 090 ## - NÚMERO DE CHAMADA LOCAL |
| Número de chamada (OCLC) (R); Número de chamada, CALL (RLIN) (NR) |
A PL 372 |
| Número Cutter local (OCLC); Número de classificação do livro, CALL (RLIN) |
SEG |
| 100 ## - ENTRADA PRINCIPAL--NOME PESSOAL |
| Nome pessoal |
Segal, Marilyn M. |
| 240 10 - TÍTULO UNIFORME |
| Idioma da obra |
English |
| 250 ## - EDIÇÃO |
| Edição |
2nd ed. |
| 245 10 - TÍTULO |
| Título |
Your child at play |
| Restante do título |
one to two years : exploring, learning, making friends, and pretending |
| Indicação de responsabilidade, etc. |
Marilyn M. Segal |
| 260 ## - PUBLICAÇÃO, DISTRIBUIÇÃO, ETC. |
| Local de publicação, distribuição, etc. |
New York |
| Nome do editor, distribuidor, etc. |
New Market Press |
| Data da publicação, distribuição, etc. |
1998 |
| 300 ## - DESCRIÇÃO FÍSICA |
| Extensão |
291 p. |
| 490 ## - TÍTULO DA SÉRIE |
| Título da série |
Your child at play |
| 505 ## - NOTA DE CONTEÚDO FORMATADO |
| Nota de conteúdo formatado |
Exploring, learning, making friends, and pretending |
| 520 ## - NOTA DE RESUMO, ETC |
| Resumo, etc. |
The toddler time, between one and two years old, is an exciting period of self-definition, exploration, and physical and emotional growth for your child. This easy-to-read book, illustrated with more than 200 photos, provides a vivid look at everyday life with a toddler and offers hundreds of creative play activities; expert advice on managing problem situations; and ideas for encouraging creativity, exploration, and language skills. Some of the strategies for daily living included in the book are:<br/>toilet training<br/>dressing<br/>helping around the house<br/>going out in public<br/>controlling temper tantrums<br/>gaining physical prowess<br/>the timid or fussy explorer<br/>everyday routines<br/>helping Mom and Dad<br/>word power<br/>making friends<br/>having fun with toys<br/>pretending |
| 521 ## - NOTA DO PÚBLICO ALVO |
| Nota de público alvo |
PL |
| 697 ## - ENTRADA DE ASSUNTO LOCAL--ENTIDADE COLETIVA (RLIN) |
| Nome corporativo ou nome da jurisdição |
Child rearing |
| 697 ## - ENTRADA DE ASSUNTO LOCAL--ENTIDADE COLETIVA (RLIN) |
| Nome corporativo ou nome da jurisdição |
Child development |
| 697 ## - ENTRADA DE ASSUNTO LOCAL--ENTIDADE COLETIVA (RLIN) |
| Nome corporativo ou nome da jurisdição |
Learning |
| 697 ## - ENTRADA DE ASSUNTO LOCAL--ENTIDADE COLETIVA (RLIN) |
| Nome corporativo ou nome da jurisdição |
Creative activities and seat work |
| 856 ## - LOCALIZAÇÃO ELETRÔNICA E ACESSO |
| Uniform Resource Identifier |
<a href="000029/00002920.jpg">000029/00002920.jpg</a> |
| 942 ## - ELEMENTOS DE ENTRADA ADICIONADOS (KOHA) |
| Tipo de material Koha |
Livros |